[Event "4NCL"]
[Site "Barcelo Hotel, Hinckley Island"]
[Date "2011.05.02"]
[Round "11.12"]
[White "McNab, Colin A"]
[Black "Turner, Matthew J"]
[Result "1/2-1/2"]
[WhiteElo "2454"]
[BlackElo "2517"]
[PlyCount "96"]
[EventDate "2011.??.??"]
[WhiteTeam "White Rose 1"]
[BlackTeam "Barbican 4NCL 1"]

1. c4 Nf6 2. Nf3 g6 3. g3 Bg7 4. Bg2 O-O 5. O-O d5 6. cxd5 Nxd5 7. d4 Nb6 8.
Nc3 Nc6 9. e3 Re8 10. b3 e5 11. dxe5 Qxd1 12. Rxd1 Nxe5 13. Nxe5 Bxe5 14. Bb2
Bg4 15. f3 Be6 16. Kf2 c6 17. Rd2 f5 18. f4 Bg7 19. Rad1 Bf7 20. h3 Bf8 21. g4
Bc5 22. Rd3 a5 23. gxf5 gxf5 24. Rg1 Kf8 25. Bf3 a4 26. Rg5 Bg6 27. Bh5 axb3
28. axb3 Re6 29. Bxg6 hxg6 30. Kf3 Rae8 31. Bc1 Kf7 32. Rg2 R6e7 33. Ra2 Nd7
34. Na4 Bb4 35. Bd2 Bxd2 36. Raxd2 Nf6 37. Nb6 Ne4 38. Ra2 Rh8 39. Kg2 Ke6 40.
Ra5 Reh7 41. Re5+ Kf6 42. Nd7+ Kf7 43. Nc5 Nxc5 44. Rxc5 Rxh3 45. Rd7+ Ke6 46.
Rxb7 Rh2+ 47. Kg1 Kd6 48. Re5 Rh1+ 1/2-1/2

[Event "4NCL"]
[Site "Barcelo Hotel, Hinckley Island"]
[Date "2011.05.02"]
[Round "11.12"]
[White "D'Costa, Lorin AR"]
[Black "Palliser, Richard JD"]
[Result "1/2-1/2"]
[WhiteElo "2441"]
[BlackElo "2448"]
[PlyCount "55"]
[EventDate "2011.??.??"]
[WhiteTeam "Barbican 4NCL 1"]
[BlackTeam "White Rose 1"]

1. e4 c5 2. Nf3 d6 3. d4 cxd4 4. Nxd4 Nf6 5. Nc3 a6 6. Be2 e5 7. Nb3 Be7 8. Bg5
Be6 9. Bxf6 Bxf6 10. Qd3 Nc6 11. O-O-O a5 12. Qxd6 Qxd6 13. Rxd6 a4 14. Nc5 Be7
15. Rxe6 fxe6 16. Nxe6 Kf7 17. Bc4 Rac8 18. Nd8+ Kg6 19. Nxc6 Rxc6 20. Bb5 Bg5+
21. Kb1 Rxc3 22. bxc3 a3 23. Rd1 Rf8 24. f3 Rd8 25. Bd7 Kf7 26. Rd3 Ke7 27. Ba4
Bd2 28. Bb3 1/2-1/2

[Event "4NCL"]
[Site "Barcelo Hotel, Hinckley Island"]
[Date "2011.05.02"]
[Round "11.12"]
[White "Wells, Peter K"]
[Black "Rogers, Jonathan W"]
[Result "1-0"]
[WhiteElo "2487"]
[BlackElo "2338"]
[PlyCount "77"]
[EventDate "2011.??.??"]
[WhiteTeam "White Rose 1"]
[BlackTeam "Barbican 4NCL 1"]

1. d4 e6 2. c4 f5 3. g3 Nf6 4. Bg2 Bb4+ 5. Nd2 O-O 6. Ngf3 Ne4 7. O-O d5 8. Ne5
Bxd2 9. Bxd2 Nd7 10. Bf4 c6 11. Rc1 Ndf6 12. f3 Nd6 13. Qd2 Nh5 14. Bg5 Qe8 15.
Qb4 Nf7 16. Be7 a5 17. Qa3 Nxe5 18. dxe5 Rf7 19. Bd6 g5 20. e4 dxc4 21. Rxc4 f4
22. g4 Ng7 23. Rd1 b6 24. Rcd4 Ba6 25. R4d2 c5 26. Bf1 Bxf1 27. Rxf1 Qc6 28.
Qc3 Rd7 29. Rfd1 Kf7 30. h4 h5 31. hxg5 hxg4 32. Rh2 Kg6 33. Qd2 g3 34. Rh4 Nh5
35. Rxh5 Kxh5 36. Qxf4 Rg7 37. Kg2 Kg6 38. Qf6+ Kh7 39. Rh1+ 1-0

[Event "4NCL"]
[Site "Barcelo Hotel, Hinckley Island"]
[Date "2011.05.02"]
[Round "11.12"]
[White "Buckley, Simon T"]
[Black "Cox, John J"]
[Result "1/2-1/2"]
[WhiteElo "2345"]
[BlackElo "2407"]
[PlyCount "45"]
[EventDate "2011.??.??"]
[WhiteTeam "White Rose 1"]
[BlackTeam "Barbican 4NCL 1"]

1. c4 Nf6 2. Nc3 g6 3. d3 Bg7 4. g3 O-O 5. Bg2 d6 6. h3 e5 7. e4 Be6 8. Nge2 c6
9. f4 Nfd7 10. Be3 Na6 11. O-O f5 12. Re1 Kh8 13. b3 Qe7 14. Qd2 Nac5 15. b4
Na6 16. exf5 Bxf5 17. g4 Be6 18. b5 Nab8 19. bxc6 Nxc6 20. Nd5 Qd8 21. Rab1 Rb8
22. Nb4 Nxb4 23. Rxb4 1/2-1/2

[Event "4NCL"]
[Site "Barcelo Hotel, Hinckley Island"]
[Date "2011.05.02"]
[Round "11.12"]
[White "Knott, Simon JB"]
[Black "Townsend, M Paul"]
[Result "1/2-1/2"]
[WhiteElo "2329"]
[BlackElo "2266"]
[PlyCount "66"]
[EventDate "2011.??.??"]
[WhiteTeam "Barbican 4NCL 1"]
[BlackTeam "White Rose 1"]

1. Nf3 Nf6 2. c4 e6 3. g3 d5 4. d4 dxc4 5. Bg2 Nc6 6. Qa4 Nd5 7. Qxc4 Nb6 8.
Qb5 a6 9. Qd3 e5 10. Be3 exd4 11. Nxd4 Nxd4 12. Qxd4 Qxd4 13. Bxd4 Bb4+ 14. Nc3
O-O 15. a3 Bxc3+ 16. Bxc3 Na4 17. Bd4 c5 18. Be3 Nxb2 19. Bxc5 Re8 20. Bd4 Nd3+
21. Kd2 Ne5 22. Rhc1 Rb8 23. Ba7 Ra8 24. Bd4 Rb8 25. Rab1 Rd8 26. e3 Be6 27.
Rxb7 Nc4+ 28. Kd3 Nxa3 29. Ra1 Bf5+ 30. Ke2 Nc2 31. Rxb8 Rxb8 32. Ra5 Nxd4+ 33.
exd4 Bd7 1/2-1/2

[Event "4NCL"]
[Site "Barcelo Hotel, Hinckley Island"]
[Date "2011.05.02"]
[Round "11.12"]
[White "Barrett, Stephen J"]
[Black "Morrison, Graham"]
[Result "1/2-1/2"]
[WhiteElo "2212"]
[BlackElo "2340"]
[PlyCount "30"]
[EventDate "2011.??.??"]
[WhiteTeam "White Rose 1"]
[BlackTeam "Barbican 4NCL 1"]

1. d4 Nf6 2. c4 g6 3. Nc3 d5 4. Nf3 Bg7 5. Bg5 Ne4 6. Bf4 Nxc3 7. bxc3 dxc4 8.
Qa4+ Qd7 9. Qxc4 b6 10. Bg3 Nc6 11. e3 Bb7 12. Be2 O-O 13. Rc1 Rac8 14. Qa4
Rfd8 15. Ba6 Na5 1/2-1/2

[Event "4NCL"]
[Site "Barcelo Hotel, Hinckley Island"]
[Date "2011.05.02"]
[Round "11.13"]
[White "Conquest, Stuart C"]
[Black "Hawkins, Jonathan"]
[Result "0-1"]
[WhiteElo "2529"]
[BlackElo "2429"]
[PlyCount "38"]
[EventDate "2011.??.??"]
[WhiteTeam "Guildford A&DC 1"]
[BlackTeam "Cheddleton 1"]

1. c4 Nf6 2. Nc3 e5 3. e3 Nc6 4. Nge2 Be7 5. a3 d5 6. cxd5 Nxd5 7. Nxd5 Qxd5 8.
Nc3 Qd6 9. Bc4 O-O 10. b4 Be6 11. Nb5 Qd7 12. Bxe6 fxe6 13. Nc3 Qd3 14. Bb2 Nd4
15. Rc1 Bh4 16. Rf1 Qf5 17. g3 Nf3+ 18. Ke2 Rad8 19. d3 Ng1+ 0-1

[Event "4NCL"]
[Site "Barcelo Hotel, Hinckley Island"]
[Date "2011.05.02"]
[Round "11.13"]
[White "Cherniaev, Alexander"]
[Black "Paehtz, Elisabeth"]
[Result "1/2-1/2"]
[WhiteElo "2446"]
[BlackElo "2464"]
[PlyCount "21"]
[EventDate "2011.??.??"]
[WhiteTeam "Guildford A&DC 1"]
[BlackTeam "Cheddleton 1"]

1. e4 c5 2. c3 d5 3. exd5 Qxd5 4. d4 Nf6 5. Nf3 Bg4 6. Nbd2 Nc6 7. Bc4 Bxf3 8.
Qb3 Na5 9. Qb5+ Qd7 10. Nxf3 Nxc4 11. Qxc4 1/2-1/2

[Event "4NCL"]
[Site "Barcelo Hotel, Hinckley Island"]
[Date "2011.05.02"]
[Round "11.13"]
[White "Pert, Richard G"]
[Black "Povah, Nigel E"]
[Result "1-0"]
[WhiteElo "2457"]
[BlackElo "2336"]
[PlyCount "69"]
[EventDate "2011.??.??"]
[WhiteTeam "Cheddleton 1"]
[BlackTeam "Guildford A&DC 1"]

1. d4 Nf6 2. Bg5 d5 3. Bxf6 exf6 4. e3 Bd6 5. g3 c6 6. Bg2 Qb6 7. b3 O-O 8. Ne2
Bg4 9. O-O Re8 10. Re1 Nd7 11. a3 Qa6 12. Nd2 Nb6 13. Bf1 Nd7 14. c4 dxc4 15.
Nxc4 Bf8 16. Qc2 b5 17. Nd2 Qb6 18. Bg2 Rac8 19. b4 a5 20. Qc3 axb4 21. axb4
Qc7 22. Nb3 Nb6 23. Nf4 Na4 24. Qd2 Qd7 25. Rec1 c5 26. bxc5 g5 27. Nd5 Qe6 28.
Qb4 Rb8 29. Nc7 Qd7 30. Nxe8 Qxe8 31. d5 Be2 32. Nd4 Bd3 33. d6 Be4 34. Bxe4
Qxe4 35. Rxa4 1-0

[Event "4NCL"]
[Site "Barcelo Hotel, Hinckley Island"]
[Date "2011.05.02"]
[Round "11.13"]
[White "Wall, Gavin"]
[Black "Arkell, Keith C"]
[Result "0-1"]
[WhiteElo "2319"]
[BlackElo "2412"]
[PlyCount "116"]
[EventDate "2011.??.??"]
[WhiteTeam "Guildford A&DC 1"]
[BlackTeam "Cheddleton 1"]

1. e4 c6 2. d4 d5 3. e5 c5 4. dxc5 e6 5. Nf3 Bxc5 6. Bd3 Nc6 7. c3 a5 8. O-O
Nge7 9. Re1 Ng6 10. Be3 Bxe3 11. Rxe3 O-O 12. Bxg6 fxg6 13. Na3 Bd7 14. Nb5 Qb6
15. a4 Ne7 16. Nbd4 Nf5 17. Re2 Rac8 18. Qd2 Nxd4 19. Nxd4 Qd8 20. f4 Qc7 21.
g3 Qc4 22. Re3 Rc7 23. h4 Qc5 24. Kg2 Qe7 25. Qc2 Rfc8 26. Qb3 Qc5 27. Kf3 Rb8
28. Rh1 b6 29. Qd1 Qe7 30. g4 b5 31. axb5 Bxb5 32. b3 Be8 33. Kg3 Rbc8 34. Qa1
a4 35. b4 Rc4 36. Qb2 Qa7 37. Ra1 h5 38. Ra3 hxg4 39. Kxg4 g5 40. hxg5 Bg6 41.
Qd2 Rf8 42. Kg3 Qf7 43. Re2 Rfc8 44. Nb5 Rf8 45. Rf2 Qe7 46. Kh2 Qd7 47. Nd6
Rc6 48. Kg3 Rxd6 49. exd6 Qxd6 50. Qd4 Rf5 51. Kg2 e5 52. fxe5 Rxe5 53. Rxa4
Re4 54. Ra8+ Kh7 55. Rff8 Bf5 56. Rxf5 Rxd4 57. cxd4 Qxb4 58. Rf4 Qe7 0-1

[Event "4NCL"]
[Site "Barcelo Hotel, Hinckley Island"]
[Date "2011.05.02"]
[Round "11.13"]
[White "Bellin, Robert"]
[Black "Anderton, Matthew N"]
[Result "1/2-1/2"]
[WhiteElo "2362"]
[BlackElo "2225"]
[PlyCount "51"]
[EventDate "2011.??.??"]
[WhiteTeam "Cheddleton 1"]
[BlackTeam "Guildford A&DC 1"]

1. d4 Nf6 2. Nc3 d5 3. Bg5 Bf5 4. Bxf6 gxf6 5. e3 c6 6. Bd3 Bxd3 7. Qxd3 Nd7 8.
Nf3 e6 9. e4 dxe4 10. Nxe4 Qa5+ 11. c3 O-O-O 12. O-O Ne5 13. Qe2 Nxf3+ 14. Qxf3
f5 15. Ng5 Rd7 16. Qh5 Qd8 17. Rfe1 Qf6 18. Nf3 Bd6 19. Ne5 Re7 20. Qf3 Qg7 21.
h3 Rd8 22. Nd3 Ree8 23. Re2 Bc7 24. Rae1 Rg8 25. b4 Qf8 26. Qh5 1/2-1/2

[Event "4NCL"]
[Site "Barcelo Hotel, Hinckley Island"]
[Date "2011.05.02"]
[Round "11.13"]
[White "Granat, Russell G"]
[Black "Wallace, Paul A"]
[Result "1/2-1/2"]
[WhiteElo "2243"]
[BlackElo "2245"]
[PlyCount "76"]
[EventDate "2011.??.??"]
[WhiteTeam "Guildford A&DC 1"]
[BlackTeam "Cheddleton 1"]

1. e4 e5 2. Nf3 Nc6 3. Bb5 f5 4. d4 fxe4 5. Bxc6 dxc6 6. Nxe5 Nf6 7. Bg5 Bd6 8.
Nd2 Bf5 9. c3 Qe7 10. f4 O-O-O 11. Qa4 Kb8 12. Ndc4 h6 13. Na5 Qe6 14. Bxf6
gxf6 15. Nexc6+ bxc6 16. Nxc6+ Kc8 17. Qb5 Rdg8 18. d5 Qf7 19. Nxa7+ Kd8 20.
Nc6+ Ke8 21. Ne5+ Bd7 22. Nxf7 Bxb5 23. Nxd6+ cxd6 24. g3 Bc4 25. Kf2 Bxd5 26.
Rhd1 Be6 27. Rxd6 Ke7 28. Rd4 f5 29. Ke3 h5 30. a4 h4 31. Rg1 hxg3 32. hxg3 Rh2
33. g4 Rh3+ 34. Ke2 fxg4 35. Rxe4 Kf6 36. Rb4 Rh2+ 37. Ke3 Rd8 38. f5 Bxf5 {
Remaining moves illegible} 1/2-1/2

[Event "4NCL"]
[Site "Barcelo Hotel, Hinckley Island"]
[Date "2011.05.02"]
[Round "11.13"]
[White "Steil-Antoni, Fiona"]
[Black "Grigoryan, Meri"]
[Result "1-0"]
[WhiteElo "2117"]
[BlackElo "2064"]
[PlyCount "45"]
[EventDate "2011.??.??"]
[WhiteTeam "Cheddleton 1"]
[BlackTeam "Guildford A&DC 1"]

1. e4 Nc6 2. Nf3 e5 3. d4 exd4 4. Nxd4 Bc5 5. Be3 Qf6 6. c3 Nge7 7. Bc4 Ne5 8.
Be2 Qg6 9. O-O d5 10. Nf5 Bxe3 11. fxe3 Bxf5 12. exf5 Qb6 13. Qd4 Qxb2 14. Qxe5
Qxa1 15. f6 gxf6 16. Qxf6 O-O-O 17. Qxe7 Qxa2 18. Bd3 Rhe8 19. Qc5 d4 20. Bc4
Qa1 21. exd4 b6 22. Qc6 Kb8 23. Bd5 1-0

[Event "4NCL"]
[Site "Barcelo Hotel, Hinckley Island"]
[Date "2011.05.02"]
[Round "11.14"]
[White "Bates, Richard A"]
[Black "Ghasi, Ameet K"]
[Result "0-1"]
[WhiteElo "2383"]
[BlackElo "2359"]
[PlyCount "130"]
[EventDate "2011.??.??"]
[WhiteTeam "Betsson.com"]
[BlackTeam "e2e4.org.uk 1"]

1. d4 Nf6 2. Nf3 g6 3. g3 Bg7 4. Bg2 O-O 5. O-O d6 6. c4 Nc6 7. Nc3 e5 8. d5
Ne7 9. e4 Nd7 10. Ne1 h6 11. Nd3 g5 12. a4 a5 13. Kh1 f5 14. f4 exf4 15. gxf4
g4 16. e5 dxe5 17. fxe5 Nxe5 18. Nf4 N7g6 19. Nb5 Nh4 20. Nd4 Nxc4 21. Nde6
Bxe6 22. Nxe6 Qe7 23. Nxf8 Rxf8 24. Qd3 Qc5 25. Bf4 Nxg2 26. Kxg2 Nxb2 27. Qb3
Nc4 28. Rad1 Qb4 29. Qc2 Rf7 30. Rc1 Nb6 31. Qd3 Rd7 32. Qxf5 Nxd5 33. Qe6+ Kh7
34. Bxh6 Rd6 35. Qf5+ Kxh6 36. Rce1 Qd4 37. Re6+ Rxe6 38. Qxe6+ Nf6 39. Rf5
Qd2+ 40. Kh1 Qc1+ 41. Kg2 Qc2+ 42. Rf2 Qe4+ 43. Qxe4 Nxe4 44. Rf7 c5 45. Rxb7
Bc3 46. Re7 Nf6 47. h3 Kg5 48. hxg4 Kxg4 49. Kf2 Nd5 50. Rf7 c4 51. Rd7 Nb6 52.
Rc7 Kf4 53. Ke2 Ke4 54. Rc6 Bd4 55. Kd2 Kd5 56. Rh6 Nxa4 57. Rh5+ Be5 58. Kc2
Nc5 59. Kb1 Kd4 60. Ka2 Bd6 61. Ka3 Ne4+ 62. Ka4 Bb4 63. Rh4 Kd3 64. Rh3+ Kc2
65. Rh2+ Nd2 0-1

[Event "4NCL"]
[Site "Barcelo Hotel, Hinckley Island"]
[Date "2011.05.02"]
[Round "11.14"]
[White "Zhou, Yang-Fan"]
[Black "Ledger, Andrew J"]
[Result "1/2-1/2"]
[WhiteElo "2323"]
[BlackElo "2429"]
[PlyCount "100"]
[EventDate "2011.??.??"]
[WhiteTeam "e2e4.org.uk 1"]
[BlackTeam "Betsson.com"]

1. e4 c6 2. d4 d5 3. e5 Bf5 4. Be3 e6 5. Nd2 Nd7 6. Ngf3 Ne7 7. Be2 Nc8 8. O-O
Be7 9. Nb3 O-O 10. a4 f6 11. c4 dxc4 12. Bxc4 Ncb6 13. Be2 Nd5 14. exf6 Bxf6
15. a5 Qe7 16. Qc1 Rac8 17. Bc4 Kh8 18. Re1 Qf7 19. Nc5 Nxc5 20. dxc5 Rcd8 21.
Ra4 Qg6 22. Bf1 Nxe3 23. Qxe3 Bxb2 24. Rb4 Qf6 25. Rxb7 Bg4 26. Rb1 Bc3 27.
R1b3 Bxa5 28. Rxa7 Bxf3 29. Rxa5 Bd5 30. Rb7 Ra8 31. Raa7 Rxa7 32. Rxa7 g6 33.
f3 Rf7 34. Rxf7 Qxf7 35. Qe5+ Kg8 36. f4 Qa7 37. Qd4 Qa2 38. h4 Qc2 39. Qf2 Qe4
40. Be2 Qf5 41. Qe3 Qb1+ 42. Kh2 Qe1 43. Qe5 Qxh4+ 44. Kg1 Qe1+ 45. Kh2 h5 46.
Qb8+ Kh7 47. Qc7+ Kh6 48. Qd8 Qc3 49. Bd3 Kh7 50. Qg5 Qxd3 1/2-1/2

[Event "4NCL"]
[Site "Barcelo Hotel, Hinckley Island"]
[Date "2011.05.02"]
[Round "11.14"]
[White "Webb, Laurence E"]
[Black "Hulmes, David I"]
[Result "0-1"]
[WhiteElo "2307"]
[BlackElo "2255"]
[PlyCount "136"]
[EventDate "2011.??.??"]
[WhiteTeam "Betsson.com"]
[BlackTeam "e2e4.org.uk 1"]

1. e4 e5 2. Nf3 Nc6 3. Bc4 Bc5 4. c3 Nf6 5. d3 a6 6. Bb3 Ba7 7. O-O d6 8. h3 h6
9. Be3 O-O 10. Nbd2 Ne7 11. Nh4 c6 12. Bxa7 Rxa7 13. d4 b5 14. Qf3 Qb6 15. Qe3
Nh5 16. Kh2 c5 17. Nhf3 Ng6 18. g3 Nf6 19. d5 Nh7 20. a4 Bd7 21. Bc2 Qb8 22.
Ng1 Ne7 23. g4 g5 24. Ne2 Nf6 25. Nf3 Ng6 26. Rg1 bxa4 27. Ra2 Rb7 28. Bxa4
Bxa4 29. Rxa4 Rxb2 30. Ng3 Qb5 31. Rga1 Nf4 32. c4 Qb8 33. Nd2 h5 34. gxh5 Qc8
35. Nf5 Kh7 36. Rxa6 Rxd2 37. Qxd2 Nxe4 38. Qe3 Qxf5 39. Rg1 Nxh5 40. Rg4 Nhf6
41. f3 Nxg4+ 42. hxg4 Qf4+ 43. Qxf4 exf4 44. fxe4 Re8 45. Rxd6 Rxe4 46. Rc6
Rxc4 47. d6 Rd4 48. Rxc5 Kg6 49. Rc6 Kf6 50. Kg2 Ke6 51. Kf3 Rxd6 52. Rc5 Rd5
53. Rc8 Rd3+ 54. Ke4 Re3+ 55. Kd4 Kf6 56. Rc6+ Re6 57. Rc5 Kg6 58. Rc8 f6 59.
Rg8+ Kf7 60. Ra8 Re1 61. Kd3 f3 62. Ra2 Rg1 63. Ke3 Rxg4 64. Kxf3 Rb4 65. Ra3
Kg6 66. Kg3 Kh5 67. Ra8 Rb3+ 68. Kg2 f5 0-1

[Event "4NCL"]
[Site "Barcelo Hotel, Hinckley Island"]
[Date "2011.05.02"]
[Round "11.14"]
[White "Almond, Richard J"]
[Black "Ledger, Dave J"]
[Result "0-1"]
[WhiteElo "2125"]
[BlackElo "2271"]
[PlyCount "82"]
[EventDate "2011.??.??"]
[WhiteTeam "e2e4.org.uk 1"]
[BlackTeam "Betsson.com"]

1. d4 Nf6 2. c4 g6 3. Nc3 Bg7 4. e4 d6 5. Nf3 O-O 6. Be2 e5 7. O-O Nc6 8. d5
Ne7 9. Ne1 Ne8 10. f4 f5 11. Nd3 h6 12. Bf3 c6 13. Qe1 cxd5 14. cxd5 exf4 15.
Nxf4 Nc7 16. Kh1 g5 17. Nh5 Be5 18. exf5 Nxf5 19. Bd2 Bd7 20. Rd1 Nd4 21. Ng3
Nxf3 22. Rxf3 Rxf3 23. gxf3 Qf6 24. Qe4 Re8 25. Qd3 Qf7 26. f4 gxf4 27. Nge4
Kh8 28. Rf1 Rf8 29. Be3 Bh3 30. Rf2 f3 31. Bd4 Bg2+ 32. Kg1 Qf4 33. Bxe5+ Qxe5
34. Qd2 Rf4 35. Ng3 Rh4 36. Nce4 Nxd5 37. Qc2 Ne7 38. Qc7 Rxe4 39. Nxe4 Qxe4
40. Qd8+ Ng8 41. Rxg2 Qe1# 0-1

[Event "4NCL"]
[Site "Barcelo Hotel, Hinckley Island"]
[Date "2011.05.02"]
[Round "11.14"]
[White "Baker, Chris W"]
[Black "Talbot, Andrew R"]
[Result "1/2-1/2"]
[WhiteElo "2290"]
[BlackElo "2139"]
[PlyCount "152"]
[EventDate "2011.??.??"]
[WhiteTeam "Betsson.com"]
[BlackTeam "e2e4.org.uk 1"]

1. d4 Nf6 2. Nf3 g6 3. Nc3 d5 4. Bf4 Bg7 5. Qd2 O-O 6. Bh6 c5 7. Bxg7 Kxg7 8.
e3 Nc6 9. dxc5 Qa5 10. Nb5 Qxd2+ 11. Nxd2 Bf5 12. Bd3 Bxd3 13. cxd3 a6 14. Nd4
Nb4 15. Ke2 e5 16. a3 exd4 17. axb4 Rfe8 18. Kf3 dxe3 19. fxe3 Nd7 20. d4 f5
21. Rhc1 Re6 22. b5 Rae8 23. Rc3 axb5 24. b4 Ra6 25. Rxa6 bxa6 26. Nb3 Nf6 27.
Na5 Ne4 28. Rc2 Rc8 29. c6 Rc7 30. Ke2 Kf6 31. Kd3 Ke7 32. Nb7 Nd6 33. Rc5 Nxb7
34. cxb7 Rxb7 35. Rxd5 Ke6 36. Rc5 Kd6 37. Rc8 Ra7 38. Rb8 Kc7 39. Rf8 Kd6 40.
Rf6+ Ke7 41. Rb6 a5 42. Rxb5 axb4 43. Rxb4 Ra2 44. Rb7+ Ke6 45. Rxh7 Rxg2 46.
Rh4 Kd5 47. Rh8 Ke6 48. e4 fxe4+ 49. Kxe4 Rg4+ 50. Ke3 Kf5 51. Rf8+ Ke6 52.
Re8+ Kf7 53. Re4 Rg2 54. h4 Rg1 55. Kd3 Rc1 56. d5 Kf6 57. Kd4 Kf5 58. Re3 Rd1+
59. Kc5 Rc1+ 60. Kd6 Rc4 61. Re5+ Kf6 62. h5 gxh5 63. Rxh5 Rc2 64. Kd7 Rc5 65.
Kd6 Ra5 66. Rh6+ Kf7 67. Rh7+ Kf6 68. Rc7 Ra6+ 69. Rc6 Ra7 70. Rb6 Kf7 71. Kc6
Ke7 72. Kc5 Ra5+ 73. Kc6 Ra7 74. Rb1 Ra6+ 75. Kc7 Ra7+ 76. Kb6 Ra2 1/2-1/2

[Event "4NCL"]
[Site "Barcelo Hotel, Hinckley Island"]
[Date "2011.05.02"]
[Round "11.14"]
[White "Norinkeviciute, Rasa"]
[Black "Ledger, Stephen C"]
[Result "0-1"]
[WhiteElo "2025"]
[BlackElo "2060"]
[PlyCount "70"]
[EventDate "2011.??.??"]
[WhiteTeam "e2e4.org.uk 1"]
[BlackTeam "Betsson.com"]

1. c4 e5 2. g3 Nc6 3. Bg2 g6 4. Nc3 Bg7 5. e4 d6 6. d3 f5 7. Nge2 Nf6 8. O-O
O-O 9. exf5 Bxf5 10. h3 Qd7 11. g4 Be6 12. Nd5 Nd8 13. f4 c6 14. Ne3 exf4 15.
Nxf4 Bf7 16. g5 Ne8 17. d4 Ne6 18. d5 Nd4 19. h4 Nc7 20. Bh3 Qe7 21. Qd3 Rae8
22. Bd2 Qe4 23. Qxe4 Rxe4 24. Rae1 Be5 25. Nc2 Rxe1 26. Nxe1 cxd5 27. Bg2 dxc4
28. Bxb7 Rb8 29. Bg2 Rxb2 30. Ba5 Ncb5 31. a4 Ra2 32. Bd5 Bxd5 33. Nxd5 Ne2+
34. Kh1 Ng3+ 35. Kg1 Bd4+ 0-1

[Event "4NCL"]
[Site "Barcelo Hotel, Hinckley Island"]
[Date "2011.05.02"]
[Round "11.15"]
[White "Houska, Jovanka"]
[Black "Dearing, Edward J"]
[Result "1/2-1/2"]
[WhiteElo "2419"]
[BlackElo "2412"]
[PlyCount "38"]
[EventDate "2011.??.??"]
[WhiteTeam "Wood Green Hilsmark 2"]
[BlackTeam "Cambridge University 1"]

1. d4 d5 2. Nf3 Nf6 3. c4 c6 4. e3 Bf5 5. Bd3 Bxd3 6. Qxd3 e6 7. O-O Nbd7 8.
Nbd2 Be7 9. Rd1 O-O 10. e4 dxe4 11. Nxe4 Nxe4 12. Qxe4 Qa5 13. Bd2 Qh5 14. Bf4
Rac8 15. Rd3 Rfd8 16. h3 b5 17. b3 bxc4 18. bxc4 Qa5 19. Qe2 Qf5 1/2-1/2

[Event "4NCL"]
[Site "Barcelo Hotel, Hinckley Island"]
[Date "2011.05.02"]
[Round "11.15"]
[White "Bellon Lopez, Juan M"]
[Black "Mah, Karl CC"]
[Result "1-0"]
[WhiteElo "2397"]
[BlackElo "2428"]
[PlyCount "105"]
[EventDate "2011.??.??"]
[WhiteTeam "Wood Green Hilsmark 2"]
[BlackTeam "Cambridge University 1"]

1. d4 Nf6 2. Bg5 e6 3. e4 h6 4. Bxf6 Qxf6 5. Nc3 d6 6. Qd2 a6 7. O-O-O g6 8. f4
Bg7 9. g4 Nc6 10. Nf3 g5 11. f5 e5 12. d5 Nd4 13. Nxd4 exd4 14. Ne2 c5 15. dxc6
bxc6 16. Qxd4 Qxd4 17. Nxd4 Bb7 18. f6 Bxf6 19. Nf5 Be5 20. Nxd6+ Bxd6 21. Rxd6
Rd8 22. Rf6 Ke7 23. e5 Rd4 24. Bg2 Rxg4 25. Bxc6 Bxc6 26. Rxc6 Rg2 27. h3 h5
28. a4 h4 29. Rxa6 Rc8 30. Rb6 Rcxc2+ 31. Kb1 Rc5 32. Re1 g4 33. hxg4 h3 34. e6
fxe6 35. Rbxe6+ Kf7 36. R6e2 Rxg4 37. Rh2 Rh5 38. Re3 Rxa4 39. Rhxh3 Rxh3 40.
Rxh3 Ke6 41. Rd3 Ra6 42. Rd4 Rd6 43. Rxd6+ Kxd6 44. Ka2 Kc5 45. Ka3 Kb5 46. Kb3
Ka5 47. Kc4 Kb6 48. Kb4 Ka6 49. Kc5 Ka5 50. b4+ Ka6 51. Kc6 Ka7 52. b5 Kb8 53.
Kb6 1-0

[Event "4NCL"]
[Site "Barcelo Hotel, Hinckley Island"]
[Date "2011.05.02"]
[Round "11.15"]
[White "Moskovic, David M"]
[Black "Trent, Lawrence"]
[Result "1-0"]
[WhiteElo "2293"]
[BlackElo "2442"]
[PlyCount "115"]
[EventDate "2011.??.??"]
[WhiteTeam "Cambridge University 1"]
[BlackTeam "Wood Green Hilsmark 2"]

1. d4 Nf6 2. c4 e6 3. Nc3 d5 4. cxd5 exd5 5. Bg5 Bb4 6. Qa4+ Nc6 7. a3 Bxc3+ 8.
bxc3 h6 9. Bxf6 Qxf6 10. Nf3 O-O 11. e3 a6 12. Be2 Re8 13. O-O b5 14. Qd1 Bf5
15. a4 Rab8 16. axb5 axb5 17. Qd2 Rb6 18. Rfc1 Reb8 19. Ne1 Nd8 20. Bd3 Ne6 21.
Qc2 Bg4 22. f3 Bh5 23. Bh7+ Kh8 24. Qf5 Qh4 25. g3 Qg5 26. f4 Qxf5 27. Bxf5 Be2
28. Bd3 Bh5 29. Bf5 Be2 30. Ra7 Rc6 31. Kf2 Bc4 32. Nc2 Rc8 33. Rca1 g6 34. Ra8
Rxa8 35. Rxa8+ Kg7 36. Nb4 Rd6 37. Bxe6 Rxe6 38. Ra7 Re8 39. Nc6 Rc8 40. Kf3
Kf6 41. h3 Bd3 42. Kf2 Bf5 43. Ra6 Be6 44. e4 dxe4 45. d5 Bxh3 46. Na7+ Ke7 47.
Nxc8+ Bxc8 48. Rc6 Kd7 49. Rc5 Ba6 50. Ke3 f5 51. Kd4 g5 52. Rc6 Bb7 53. Rxh6
gxf4 54. gxf4 e3 55. Re6 c6 56. dxc6+ Bxc6 57. Rxe3 Kd6 58. Re1 1-0

[Event "4NCL"]
[Site "Barcelo Hotel, Hinckley Island"]
[Date "2011.05.02"]
[Round "11.15"]
[White "Greet, Andrew N"]
[Black "Bisby, Daniel L"]
[Result "1-0"]
[WhiteElo "2451"]
[BlackElo "2306"]
[PlyCount "85"]
[EventDate "2011.??.??"]
[WhiteTeam "Wood Green Hilsmark 2"]
[BlackTeam "Cambridge University 1"]

1. d4 e6 2. c4 f5 3. g3 Nf6 4. Bg2 c6 5. Nf3 d5 6. O-O Bd6 7. Nc3 O-O 8. Qc2
Qe8 9. Rb1 b5 10. b3 Bd7 11. Nd1 Na6 12. c5 Bc7 13. a3 Ne4 14. Nb2 Qh5 15. Nd3
g5 16. Nfe5 Be8 17. f3 Nf6 18. Bd2 Kh8 19. g4 Qh4 20. Qc1 Rg8 21. Be1 Qh6 22.
h4 Nd7 23. hxg5 Qg7 24. gxf5 exf5 25. f4 Nf6 26. Bf3 Nb8 27. Rb2 Nbd7 28. e3
Nf8 29. Rh2 Ne4 30. Kg2 Ne6 31. Rfh1 N6xg5 32. fxg5 Nxg5 33. Kf1 Bg6 34. Bh5
Bxh5 35. Rxh5 Nh3 36. Nf4 Bxe5 37. R5xh3 Bxf4 38. Rxh7+ Qxh7 39. Rxh7+ Kxh7 40.
exf4 Rae8 41. Qc2 Re4 42. Qh2+ Kg7 43. Qh4 1-0

[Event "4NCL"]
[Site "Barcelo Hotel, Hinckley Island"]
[Date "2011.05.02"]
[Round "11.15"]
[White "Graw, Christopher"]
[Black "Sowray, Peter J"]
[Result "0-1"]
[WhiteElo "2257"]
[BlackElo "2340"]
[PlyCount "138"]
[EventDate "2011.??.??"]
[WhiteTeam "Cambridge University 1"]
[BlackTeam "Wood Green Hilsmark 2"]

1. d4 Nf6 2. c4 e6 3. Nc3 Bb4 4. e3 O-O 5. Nge2 d5 6. a3 Bd6 7. Nf4 Bxf4 8.
exf4 b6 9. cxd5 Nxd5 10. Bd3 Bb7 11. O-O c5 12. Bc2 Nxc3 13. bxc3 Qd5 14. Qg4
Nd7 15. Be3 f5 16. Qg3 Rf6 17. f3 Rg6 18. Qf2 c4 19. Kh1 Nf6 20. Rfe1 Qd6 21.
Bd2 Bd5 22. Re5 Rf8 23. Ba4 a6 24. Qe1 b5 25. Bd1 Nd7 26. Re2 Rh6 27. a4 Rhf6
28. axb5 axb5 29. Bc1 Rb8 30. Rb2 Rff8 31. Rab1 Qc6 32. Kg1 Rb6 33. Rb4 Ra8 34.
Bc2 Ra5 35. R4b2 Qd6 36. Bd1 Bc6 37. Re2 Nf8 38. Re5 Bd5 39. Re2 Rba6 40. Reb2
Qc6 41. Qh4 Ra8 42. Qf2 Ng6 43. Qg3 Qd7 44. h4 Bc6 45. Be3 Ne7 46. d5 Nxd5 47.
Bd4 Ra2 48. Be2 h6 49. Kh2 Kh7 50. Bf1 Rxb2 51. Rxb2 Ra1 52. Be2 Rc1 53. Rd2
Qf7 54. Ra2 Nxc3 55. Ra7 Bb7 56. Qf2 Nd5 57. Be5 Qe7 58. h5 Qf7 59. Qh4 Nb4 60.
Bd6 Nc6 61. Ra2 b4 62. g4 Qd7 63. gxf5 Qxd6 64. Qg4 Ne7 65. f6 gxf6 66. Bd3+ f5
67. Rg2 Qd4 68. Qh4 Nd5 69. Be4 Qf6 0-1